000 00330nam a2200133Ia 4500
008 240624s9999 xx 000 0 und d
041 _aeng
082 _a332.64 LAB
100 _aLABUSZEWSKI JOHN W
245 _aCME GROUP RISK MANAGEMENT HANDBOOK PRODU
260 _c2010
_aHoboken
_bWiley
300 _a624 : p.
365 _c
_b28
999 _c21433
_d21433